| 000 | 00607nas a2200229 a 4500 | ||
|---|---|---|---|
| 001 | 4753 | ||
| 003 | 9435 | ||
| 005 | 20201118095358.0 | ||
| 008 | ||||||n9999 ||| || || | ||
| 082 |
_221 _a338 |
||
| 100 | _aParisi, Licio | ||
| 245 | 0 | _aModo de produccion y metropolizacion en America Latina | |
| 260 |
_aChile : _bInstituto Latinoamericano de Investigaciones Sociales, _c1972. |
||
| 300 | _a2v | ||
| 490 |
_aEstudios y documentos _v23 |
||
| 562 | _e0 | ||
| 650 | _aAMÉRICA LATINA | ||
| 650 | _aÁREAS METROPOLITANAS | ||
| 650 | _aMODOS DE PRODUCCIÓN | ||
| 942 | _cBKM | ||
| 942 | _cBKM | ||
| 999 |
_c4753 _d4753 |
||